LEADER 01020nam a2200241 i 4500 001 000000173736 003 CaOOAMICUS 005 20080729000000.0 008 080729s2003 it u000 u ita u 013 $a151190 040 $aSeMil$bita 100 1 $aGentili, Antonio .$0(OLS)http://semarc/name/4317 245 13$aLa macina e la cetra /$cAntonio Gentili ... [et al.] ; a cura di don Mirko Bellora. 260 $aMilano :$bParrocchia S. Maria del Suffragio,$ccopyr. 2003. 300 $a139 p. ;$c19 cm. 500 $aIn preliminari : Dedica autografa. 650 4$aPreghiera - Introduzioni.$0(OLS)http://semarc/subject/3573 700 1 $aBellora, Mirko,$c.$0(OLS)http://semarc/name/32949 850 $aSeMil 852 $aSeMil$W1$xVenegono$y1$m3F VI 66$j124581$B124581$CSeMilBibl$Z2$F136229 $81 961 $aOmaggio: Altro 996 $6245$aLa macina e la cetra$9(OLS)http://semarc/title/248941 996 $6260$aMilano :$bParrocchia S. Maria del Suffragio$9(OLS)http://semarc/publisher/42607 LEADER 01321nam a2200217 i 4500 001 000000022146 003 CaOOAMICUS 005 20180830125445.0 008 180830s1960 it u000 u ita u 040 $aSeMil$bita 245 10$aThomistica morum principia /$c[presentazione di Carolus Boyer]. 260 $aRomae :$bOfficium Libri Catholici,$c1960-1961. 300 $a2 v. ;$c25 cm. 650 4$aTomismo - Atti di congressi.$0(OLS)http://semarc/subject/3476 700 1 $aBoyer, Charles .$0(OLS)http://semarc/name/5854 700 1 $aCongressus Thomisticus Internationalis <5. ; 1960 ; Romae>.$0(OLS)http://semarc/name/9912 773 0 $tBibliotheca Pontificiae Academiae Romanae S. Thomae Aquinatis.$dRomae : Officium Libri Catholici, 1955.$w()20598 774 0 $tCommunicationes 5. Congressus Thomistici internationalis.$dRomae : Officium Libri Catholici, 1960.$kBibliotheca Pontificiae Academiae Romanae S. Thomae Aquinatis$g1$w()44543 774 0 $tRelationes, communicationes et acta 5. Congressus Thomistici internationalis.$dRomae : Officium Libri Catholici, 1961.$kBibliotheca Pontificiae Academiae Romanae S. Thomae Aquinatis$g2$w()182173 996 $6245$aThomistica morum principia$9(OLS)http://semarc/title/29465 996 $6260$aRomae :$bOfficium Libri Catholici$9(OLS)http://semarc/publisher/29816